00761nam a2200205 i 450000100060000000300090000600500170001500700030003200800410003510000280007624501020010426000450020630000220025149000380027370000270031183000460033885200320038499900170041695201220043392389ES-MaACL20230906180948.0t|050307s1963 sp ||||1| spa d1 aLigier, Simón.97227210aEnsayo de sicología pastoral del mundo obrero / cSimón Ligier; [versión de Fernando Acha]. a[Bilbao] : bDesclee de Brouwer, c1963. a529 p. ; c21 cm.1 aBiblioteca de estudios pastorales1 aAcha, Fernando.9182560 aBiblioteca de estudios pastorales9181669 aES-MaACLjC-23901 bR.52603 c92389d92389 00104070aATENEOMbATENEOMcDEPO2d2008-01-17eSCl0oC-23901p1096455r2023-02-23 00:00:00w2023-02-23yMONOGRAFIA